000 00385nam a2200157Ia 4500
001 37489
005 20240114001934.0
007 ta
008 070611s g b000 u u
082 _a822.09
_bBe 41 Su
100 _aBelsay, C .
245 0 _aThe Subject of Tregedy /
_cC Belsay.
_hTextual Documents
653 _aEnglish Literature
942 _2ddc
_cBK
999 _c37468
_d37468